Southville International School and Colleges
Your cart is empty.
  • Cart
  • Lists
    Public lists Eva Luna New books Lux_list list_1
    Your lists Log in to create your own lists
  • Log in to your account
  • Your cookies
  • Search history
Southville International School and Colleges
  • Advanced search
  • Recent comments
  • Most popular
  • Libraries

Log in to your account

Log in with GOOGLE


If you do not have an external account, but do have a local account, you can still log in:

  1. Home
  2. MARC view: Worktext in college trigonometry /
Normal view MARC view ISBD view

Worktext in college trigonometry / (Record no. 335175)

[ view plain ]
MARC details
000 -LEADER
fixed length control field 00516nam a22001697a 4500
003 - CONTROL NUMBER IDENTIFIER
control field SISC
005 - DATE AND TIME OF LATEST TRANSACTION
control field 20170523163015.0
008 - FIXED-LENGTH DATA ELEMENTS--GENERAL INFORMATION
fixed length control field 170523b xxu||||| |||| 00| 0 eng d
020 ## - INTERNATIONAL STANDARD BOOK NUMBER
International Standard Book Number 9789719802624
050 ## - LIBRARY OF CONGRESS CALL NUMBER
Classification number QA 531
Item number .D671 2015
100 ## - MAIN ENTRY--PERSONAL NAME
Personal name Domingo, Alleli C.
245 ## - TITLE STATEMENT
Title Worktext in college trigonometry /
Statement of responsibility, etc Alleli C. Domingo (and 4 others).
260 ## - PUBLICATION, DISTRIBUTION, ETC. (IMPRINT)
Place of publication, distribution, etc Quezon City :
Name of publisher, distributor, etc C & E Pub, Inc.,
Date of publication, distribution, etc 2015.
300 ## - PHYSICAL DESCRIPTION
Extent 187 pages :
Other physical details illustrations ;
Dimensions 26 cm.
650 ## - SUBJECT ADDED ENTRY--TOPICAL TERM
Topical term or geographic name as entry element Trigonometry - Textbooks.
942 ## - ADDED ENTRY ELEMENTS (KOHA)
Source of classification or shelving scheme Library of Congress Classification
Koha item type Books
Holdings
Withdrawn status Lost status Source of classification or shelving scheme Damaged status Home library Current library Shelving location Date acquired Source of acquisition Sub Shelving location Total Checkouts Full call number Barcode Date last seen Price effective from Koha item type
    Library of Congress Classification   College Library College Library Filipiniana Section 05/23/2017 Library Fund     QA 531 .D671 2015 C20904 05/08/2018 05/23/2017 Books

Worktext in college trigonometry /

APA

Domingo A. C., . (2015). Worktext in college trigonometry. Quezon City: C & E Pub, Inc.

Chicago

Domingo Alleli C, . 2015. Worktext in college trigonometry. Quezon City: C & E Pub, Inc.

Harvard

Domingo A. C., . (2015). Worktext in college trigonometry. Quezon City: C & E Pub, Inc.

MLA

Domingo Alleli C, . Worktext in college trigonometry. Quezon City: C & E Pub, Inc. 2015.

  • Place hold
  • Print
  • Cite
  • Add to your cart (remove)
  • Save record
    BIBTEX Dublin Core MARCXML MARC (non-Unicode/MARC-8) MARC (Unicode/UTF-8) MARC (Unicode/UTF-8, Standard) MODS (XML) RIS
  • More searches
    Search for this title in:
    Other Libraries (WorldCat) Other Databases (Google Scholar) Online Stores (Bookfinder.com) Open Library (openlibrary.org)

Exporting to Dublin Core...

SOUTHVILLE LIBRARY

Southville International School and Colleges Library

1281 Tropical Ave. Cor. Luxembourg St., BF Homes International, Las Pinas City

Tel. No. 8256374 / 252358 Loc. 117/146

Powered by Koha